000 00559nam a22001577a 4500
999 _c15055
_d15055
003 OSt
005 20200211170400.0
008 200211b ||||| |||| 00| 0 eng d
040 _c2
082 _aDPer 050 Dec 2015-Mar 2016 T48 v186-187
100 _941726
_aGregory, Sean.
245 _aA new edge for team USA:
_bfencer ibtihaj muhammad brings faith and fearlessness to this summer's Olympic Games/
_cSean Gregory.
260 _aNew York:
_bTime Inc.,
_c©Dec 2015-Mar 2016.
300 _av187 n9, pages 36-39:
_billustrations;
_c27 cm.
942 _2ddc
_cPER